000 01682nam a2200265Ia 4500
003 OSt
005 20250616122413.0
008 220926b |||||||| |||| 00| 0 eng d
037 _cReference Collections
040 _aRTL
_cRTL
_beng
041 _2eng
_aeng
084 _aB13 K4/SC
100 _aSaks, Stanislaw
_9371071
245 0 _aTheory of the integral
250 _a2nd
260 _aNew York
_b Dover Publications
_c1964
300 _axv,343 p.
_ccm.
_bIncludes bibliographical references and index
520 _aThis work has been selected by scholars as being culturally important and is part of the knowledge base of civilization as we know it. This work is in the public domain in the United States of America, and possibly other nations. Within the United States, you may freely copy and distribute this work, as no entity (individual or corporate) has a copyright on the body of the work. Scholars believe, and we concur, that this work is important enough to be preserved, reproduced, and made generally available to the public. To ensure a quality reading experience, this work has been proofread and republished using a format that seamlessly blends the original graphical elements with text in an easy-to-read typeface. We appreciate your support of the preservation process, and thank you for being an important part of keeping this knowledge alive and relevant.
650 _aMathematics
650 _aMathematics- Caratheodory measure
_9812906
650 _aMathematics- Integral theory
_9812907
700 _aL.C. Young
_eTranslator
_9812908
942 _hB13 K4/SC
_cREF
_2CC
_n0
999 _c691314
_d691314